00365nam a22001097a 4500008004100000020001700041100002300058245010600081260003000187300001800217500002000235150319b xxu||||| |||| 00| 0 eng d a978209033701 aVercollier, Alain. aNiveau intermediare difficultes expliquees du francais... for English speakers. /cAlain, Vercollier. bCLE International,c2004. a351p.:c24cm. aIncludes index.